| 000 | 01549nam a2200373 c 4500 | ||
|---|---|---|---|
| 003 | BLK | ||
| 005 | 20240618130411.0 | ||
| 008 | 180410b bul|||||r ||||||| ||bul|| | ||
| 010 | _aKNG00166132000 | ||
| 020 |
_a978-954-340-288-5 _bиздат.: New Media Group |
||
| 040 | _aBLK | ||
| 041 |
_aBUL _cBUL |
||
| 072 | 7 |
_2bullib _aН85 _xДетска художествена литература Н |
|
| 080 |
_aРуска литература _b821.161.1 _x-93-34 _z821.161.1-93-34 |
||
| 700 | 1 |
_aСтоянова, Веселина Маринова _eпрев. _9371058 |
|
| 139 |
_aЦарският вестоносец _bЦ 24 |
||
| 245 | 1 | 0 |
_aЦарският вестоносец _bРус. нар. приказка _cпрев. Веселина Маринова Стоянова. |
| 257 | _aRUS | ||
| 260 |
_аСофия _bNew Media Group _c2013 _fСофия : Алианс принт |
||
| 300 |
_a32 с. _bс цв. ил. _c20 см |
||
| 380 | _aDX | ||
| 490 | 1 |
_aДетство мое : Вълшебни приказки в картинки _v58 |
|
| 500 | _aБез сведение за ориг. загл. - Детство мое = ISSN C633-4717 | ||
| 653 | _aприказки | ||
| 653 | _aлитература за деца | ||
| 653 | _aдетска литература | ||
| 659 | _aН | ||
| 852 | _aЦб 271282 | ||
| 856 | 4 |
_qpdf _u |
|
| 856 | 4 |
_qpdf _u |
|
| 942 |
_cKNG _n0 _02 |
||
| 944 |
_aCR _c16.10.2014 _lИва Цветкова _k30543 |
||
| 944 |
_aED _c19.10.2016 _lф / _kЛюдмила_Стоянова |
||
| 999 |
_c159071 _d159071 |
||